000 00407nam a2200169 4500
020 _a9788199220881
082 _aM3
_bNIZ/N
100 _aNizar Ilthumish
245 _aNoorul Muneerul Poornanda/
_cby Nizar Ilthumish
250 _a24
260 _aCalicut:
_bMankind,
_c2025.
300 _a192p.
650 _aNovel Malayalam
650 _aLiterature Malayalam
650 _aLitrerature
942 _cBK
999 _c181829
_d181829